Statistics for Top 30 Biggest Cities in Europe By Population

Click here to take the quiz!

General Stats

  • This quiz has been taken 347 times
  • The average score is 19 of 30

Answer Stats

Answer% Correct
London
99%
Moscow
97%
Paris
97%
Berlin
95%
Madrid
95%
Rome
94%
Barcelona
91%
Istanbul
88%
Milan
84%
Warsaw
82%
Vienna
80%
Budapest
80%
Munich
80%
Kiev
77%
Bucharest
77%
Prague
74%
Hamburg
72%
Birmingham
71%
Brussels
71%
Minsk
60%
Sofia
57%
Belgrade
56%
Saint Petersburg
34%
Nizhny Novgorod
14%
Kharkiv
14%
Kazan
10%
Samara
9%
Ufa
8%
Rostov-On-Don
4%
Baku
4%

Score Distribution

Percentile by Number Answered

Percent of People with Each Score

Your Score History

You have not taken this quiz